000 00687nam a2200277Ia 4500
005 20260324144754.0
008 008 260324s9999 xx 000 0 eng d
020 _a9780203076255
037 _aEBOOK
040 _aCRL
040 _beng
040 _cCRL
041 _2eng
041 _aeng
084 _qCRL
100 _aStanley Paliwoda; Peter W Turnbull
_91220552
245 0 _aResearch in International Marketing (RLE International Business)
260 _bTaylor and Francis
260 _c1986
365 _a
365 _b240
856 _uhttp://www.taylorfrancis.com/books/9780203076255
942 _cEBOOK
999 _c1827589
_d1827589